Μικελάντζελο Αντονιόνι : κείμενα και συνεντεύξεις
Αποθηκεύτηκε σε:
| Κύριος συγγραφέας: | |
|---|---|
| Άλλοι συγγραφείς: | |
| Μορφή: | Βιβλίο |
| Γλώσσα: | Greek Italian |
| Δημοσίευση: |
Αθήνα :
Αιγόκερως,
c1988
|
| Σειρά: | Κινηματογράφος (Αιγόκερως)
|
| Θέματα: | |
| Ετικέτες: |
Προσθήκη ετικέτας
Δεν υπάρχουν, Καταχωρήστε ετικέτα πρώτοι!
|
MARC
| LEADER | 00000nam a2200000 i 4500 | ||
|---|---|---|---|
| 001 | 1/12738 | ||
| 008 | 981002s1988 gre d | ||
| 035 | |l 10064316 | ||
| 040 | |a GR-MY-UA |b gre |e aacr | ||
| 041 | 0 | |a gre |h ita | |
| 082 | 0 | |a 791.43023309 | |
| 100 | 1 | |a Antonioni, Michelangelo. | |
| 245 | 1 | 0 | |a Μικελάντζελο Αντονιόνι : |b κείμενα και συνεντεύξεις / |c επιλογή-μετάφραση Βασίλης Μωυσίδης |
| 260 | |a Αθήνα : |b Αιγόκερως, |c c1988 | ||
| 300 | |a 191 σ.; |b εικ.; |c 21 cm. | ||
| 490 | 1 | |a Κινηματογράφος | |
| 600 | 1 | 0 | |a Antonioni, Michelangelo, |x Interviews. |
| 650 | 0 | 0 | |a Motion picture producers and directors |x Interviews. |
| 700 | 1 | |a Μωυσίδης, Βασίλης. |4 trl | |
| 830 | 0 | |a Κινηματογράφος (Αιγόκερως) | |
| 852 | |a INST |b LESVOS |e 20001017 |h 791.430233092 ΜΙΚ |p 005100028822 |q 005100028822 |t BK |y 0 | ||
| 852 | |a INST |b LESVOS |e 20071016 |h 791.430233092 ΜΙΚ |p 005100037613 |q 005100037613 |t BK |y 0 | ||
| 852 | |a INST |b SAMOS |e 19981002 |h 791.43023309 ANT |p 005300010519 |q 005300010519 |t BK |y 0 | ||
| 901 | |a BIBL-1998-3 | ||
| 901 | |a BIBL1-2001-2 | ||
| 901 | |a BIBL1-2007-3 | ||
| 909 | |a Σ |b 049946 | ||
| 909 | |a Λ |b 081157 | ||
| 909 | |a Λ |b 136657 | ||
| 922 | |a 3ΕΛΗ |b 199809 |c ΒΙΒΛΙΟΘΗΚΗ |d LEADER | ||
| 922 | |a 1ΕΛΗ |b 200010 |c ΤΑΚ/ΠΤΕ |d ΜΙΧΑΛΟΠΟΥΛΟΣ | ||
| 922 | |a 1ΕΛΗ |b 2007-07 |c ΕΠΕΑΕΚ2/ΠΤΕ |d Σ. ΠΑΤΑΚΗΣ | ||
| 950 | |a 185-2000-07-07 | ||